[Event "Peterborough 4NCL Easter op-A"]
[Site "Peterborough"]
[Date "2024.03.31"]
[Round "4"]
[White "Samarakoon, Vivash Ransara"]
[Black "Vadalia, Jainill"]
[Result "1-0"]
[WhiteElo "1978"]
[BlackElo "1836"]
[PlyCount "79"]
[EventDate "2024.03.29"]
[EventType "swiss"]
[EventRounds "7"]
[EventCountry "ENG"]
[SourceTitle "CB14_2024"]
[SourceDate "2024.04.01"]
[SourceVersion "1"]
[SourceVersionDate "2024.04.01"]
[SourceQuality "1"]

1. e4 d6 2. d4 Nf6 3. Nc3 e5 4. Nf3 Nbd7 5. Bg5 Be7 6. Be2 0-0 7. 0-0 c6 8. a4 a5 9. h3 Qc7 10. Be3 exd4 11. Qxd4 Nc5 12. Rfd1 Ne6 13. Qd2 Nd7 14. Nd4 Nxd4 15. Bxd4 Nc5 16. Qe3 b6 17. Bc4 Re8 18. Qg3 Bf8 19. f3 Ne6 20. Be3 Ba6 21. Bxa6 Rxa6 22. Rd2 Raa8 23. Rad1 Red8 24. Kh1 Rab8 25. Bf2 Be7 26. Be3 Rd7 27. f4 Nf8 28. f5 Bf6 29. Rxd6 Rxd6 30. Qxd6 Qxd6 31. Rxd6 Bxc3 32. bxc3 b5 33. Rxc6 bxa4 34. Rc4 a3 35. Ra4 Rb1+ 36. Kh2 Ra1 37. Rxa5 f6 38. Bc5 Nd7 39. Bxa3 Ne5 40. Ra8+ 1-0

[Event "Edinburgh Park op"]
[Site "Edinburgh"]
[Date "2024.03.24"]
[Round "4"]
[White "Vadalia, Jainill"]
[Black "Lukhi, Neev"]
[Result "1/2-1/2"]
[WhiteElo "1836"]
[BlackElo "1812"]
[PlyCount "71"]
[EventDate "2024.03.22"]
[EventType "swiss"]
[EventRounds "5"]
[EventCountry "SCO"]
[SourceTitle "CB15_2024"]
[SourceDate "2024.04.10"]
[SourceVersion "1"]
[SourceVersionDate "2024.04.10"]
[SourceQuality "1"]

1. c4 e6 2. g3 d5 3. Bg2 Nf6 4. Nf3 Be7 5. d4 0-0 6. 0-0 dxc4 7. Nc3 c5 8. dxc5 Bxc5 9. Qxd8 Rxd8 10. Bg5 Nc6 11. Bxf6 gxf6 12. Rfd1 Bd7 13. Nd2 Na5 14. Nce4 Be7 15. Nc3 Rac8 16. a4 Bc6 17. Bxc6 Rxc6 18. Nf3 Rcc8 19. Kf1 Nb3 20. Rab1 Bb4 21. Rxd8+ Rxd8 22. Rd1 Rxd1+ 23. Nxd1 Nc5 24. Ne3 Nxa4 25. Nxc4 b5 26. b3 Nc5 27. Ncd2 e5 28. e4 f5 29. Ke2 fxe4 30. Nxe5 Bxd2 31. Kxd2 Nxb3+ 32. Kc3 Nc5 33. Nc6 a6 34. Kd4 Nd3 35. f3 Kf8 36. Kxe4 1/2-1/2